00926nam a2200253 a 450000100060000000300080000600500170001400800410003103500190007204000420009104100080013308200200014110000430016124501040020426000390030830000250034750000190037265000220039165000380041370000550045194200120050699900170051895201370053541824BD-RjUL20211209053445.0160606s1957 ilu b 001 0 eng d a(BD-RjUL)41942 aDLCcWCWdOCLdSLUdEQOdBD-RjULbeng aeng a321.6bJAA 19571 aJászi, Oszkár,d1875-1957.912847510aAgainst the tyrant :bthe tradition and theory of tyrannicide /cby Oscar Jászi and John D. Lewis aGlencoe, Ill :bFree Press,cc1957 aix, 288 p. ;c22 cm. aIncludes index 0aDictators9125668 0aGovernment, Resistance to91281251 aLewis, John D.q(John Donald),d1905-1988.9128476 2ddccBK c41824d41824 00102ddc40708NFICaRUCLbRUCLcStackd1964-02-25eZeithinserg38.00l0o321.6 JAA 1957r2016-06-06 00:00:00tC-2w2021-12-09yBK